Regional Units of Greece that Border Other Countries - Statistics

General Stats
  • This quiz has been taken 10 times
  • The average score is 9 of 11
Answer Stats
Bordering Country Regional Unit % Correct
Bulgaria, Turkey Evros
100%
Albania, North Macedonia Florina
100%
Bulgaria Drama
80%
Albania Ioannina
80%
Albania Kastoria
80%
North Macedonia Kilkis
80%
Bulgaria Rhodope
80%
North Macedonia, Bulgaria Serres
80%
Bulgaria Xanthi
80%
North Macedonia Pella
60%
Albania Thesprotia
60%
No matching quizzes found
Score Distribution
Percent of People with Each Score
Percentile by Number Answered
Your Score History
You have not taken this quiz